Risk management interest rate changes and duration in insurance companies

Riadenie rizika zmeny úrokovej miery. Praktická ukážka výpočtu durácie.

Salvato in:
Dettagli Bibliografici
Autore principale: Poláček, Štefan, 1984-
Altri autori: Páleš, Michal, 1984-
Natura: Capitolo di libro
Lingua:slovacco
Soggetti:
Tags: Aggiungi Tag
Nessun Tag, puoi essere il primo ad aggiungerne!!

MARC

LEADER 00000naa$a2200000$$$4500
001 0165946
005 20250303140000.1
041 0 |a slo 
044 |a CZ 
245 1 0 |a Risk management interest rate changes and duration in insurance companies  |c Štefan Poláček, Michal Páleš 
520 |a Riadenie rizika zmeny úrokovej miery. Praktická ukážka výpočtu durácie. 
610 2 0 |a poisťovne 
610 2 0 |a dozor 
610 2 0 |a papiere cenné 
610 2 0 |a durácia 
610 2 0 |a úrok 
610 2 0 |a miera úroková 
610 2 0 |a riziko 
610 2 0 |a riadenie rizík 
100 1 |a Poláček, Štefan, 1984- 
700 1 |a Páleš, Michal, 1984-